[Event "Quebec op 3e RIDEF"]
[Site "Montreal CAN"]
[Date "2015.07.17"]
[Round "1.68"]
[White "Brodie, Hugh"]
[Black "Low, Ethan"]
[Result "1-0"]
[WhiteElo "1929"]
[BlackElo "1489"]
[PlyCount "107"]
[EventDate "2015.07.17"]
[EventType "swiss"]
[EventRounds "9"]
[EventCountry "CAN"]

1. e4 c6 2. d3 d5 3. Nd2 e6 4. Ngf3 Nf6 5. e5 Nfd7 6. d4 c5 7. c3 Nc6 8. Be2
Qb6 9. Nb3 Be7 10. O-O O-O 11. Kh1 cxd4 12. cxd4 f6 13. exf6 Nxf6 14. Be3 Qd8
15. Rc1 Nd7 16. Qd2 e5 17. dxe5 Ndxe5 18. Nxe5 Nxe5 19. Bc5 Bxc5 20. Rxc5 Be6
21. Nd4 Bf7 22. f4 Nd7 23. Rb5 Rb8 24. Bg4 Nf6 25. Bf3 Re8 26. g3 Ne4 27. Qg2
Qf6 28. Rd1 Qa6 29. a3 Qa4 30. Rb4 Qd7 31. Nb5 a6 32. Bxe4 axb5 33. Bxd5 Re1+
34. Rxe1 Bxd5 35. Rbe4 Qc6 36. Kg1 Bxe4 37. Qxe4 Qxe4 38. Rxe4 Rc8 39. Rb4 Rc5
40. Kf2 Kf7 41. Ke3 Ke6 42. Kd3 Rh5 43. g4 Rc5 44. Re4+ Kf7 45. Re5 Rc4 46.
Rxb5 Rxf4 47. Rf5+ Rxf5 48. gxf5 Kf6 49. Ke4 g5 50. fxg6 hxg6 51. a4 Ke6 52.
Kf4 Kf6 53. h4 b6 54. b4 1-0

[Event "Quebec op 3e RIDEF"]
[Site "Montreal CAN"]
[Date "2015.07.18"]
[Round "2.24"]
[White "MacKinnon, Keith"]
[Black "Brodie, Hugh"]
[Result "1-0"]
[WhiteElo "2198"]
[BlackElo "1929"]
[PlyCount "79"]
[EventDate "2015.07.17"]
[EventType "swiss"]
[EventRounds "9"]
[EventCountry "CAN"]

1. e4 c5 2. Nf3 Nc6 3. Bb5 g6 4. Bxc6 dxc6 5. h3 Nf6 6. d3 Bg7 7. Nc3 O-O 8.
Be3 b6 9. Qd2 Re8 10. O-O e5 11. Bh6 Qc7 12. Bxg7 Kxg7 13. Nh2 Nh5 14. Ne2 Nf4
15. Nxf4 exf4 16. Nf3 f6 17. Rfe1 h6 18. a4 a5 19. e5 fxe5 20. Rxe5 Rxe5 21.
Qc3 Bf5 22. Re1 Rae8 23. Rxe5 Rxe5 24. Qxe5+ Qxe5 25. Nxe5 Kf6 26. Nc4 b5 27.
axb5 cxb5 28. Nxa5 Ke5 29. Kf1 Kd5 30. Ke2 c4 31. dxc4+ bxc4 32. Kd2 Kc5 33.
Nb7+ Kb4 34. Nd6 Be6 35. f3 Bd5 36. Ne4 Be6 37. Nf6 Bf7 38. Ng4 h5 39. Ne5 Be8
40. h4 1-0

[Event "Quebec op 3e RIDEF"]
[Site "Montreal CAN"]
[Date "2015.07.18"]
[Round "3.47"]
[White "Brodie, Hugh"]
[Black "Feng, Richard"]
[Result "1-0"]
[WhiteElo "1929"]
[BlackElo "1656"]
[PlyCount "47"]
[EventDate "2015.07.17"]
[EventType "swiss"]
[EventRounds "9"]
[EventCountry "CAN"]

1. e4 c5 2. Nf3 d6 3. c3 Nf6 4. Bd3 Nc6 5. Bc2 g6 6. O-O Bg7 7. h3 O-O 8. d4
cxd4 9. cxd4 Bd7 10. Nc3 Rc8 11. Qe2 e5 12. dxe5 dxe5 13. Rd1 Qe7 14. Bg5 Be6
15. Rac1 Rfe8 16. Ba4 Qb4 17. a3 Qb6 18. Be3 Nd4 19. Nxd4 Bc4 20. Qc2 Red8 21.
Nf3 Qa5 22. Bb3 Ba6 23. Rxd8+ Qxd8 24. Rd1 1-0

[Event "Quebec op 3e RIDEF"]
[Site "Montreal CAN"]
[Date "2015.07.21"]
[Round "5.40"]
[White "Brodie, Hugh"]
[Black "Shuman, Nathaniel"]
[Result "1-0"]
[WhiteElo "1929"]
[BlackElo "1616"]
[PlyCount "63"]
[EventDate "2015.07.17"]
[EventType "swiss"]
[EventRounds "9"]
[EventCountry "CAN"]

1. e4 d5 2. d4 dxe4 3. Nc3 Nf6 4. f3 exf3 5. Qxf3 c6 6. Be3 g6 7. Bc4 Bg7 8.
Nge2 O-O 9. O-O Nbd7 10. Bb3 Nb6 11. h3 Nbd5 12. Nxd5 Nxd5 13. c3 e6 14. Ng3
Nxe3 15. Qxe3 a5 16. Ne4 a4 17. Bc4 b6 18. Qe2 Ra7 19. Rf3 Bb7 20. Raf1 Bc8 21.
Nf6+ Bxf6 22. Rxf6 Qd6 23. h4 Kg7 24. h5 Qg3 25. R1f3 Qg5 26. hxg6 hxg6 27. Qf1
Qg4 28. Bd3 g5 29. Rg6+ fxg6 30. Rxf8 Qf5 31. Bxf5 gxf5 32. Rxc8 1-0

[Event "Quebec op 3e RIDEF"]
[Site "Montreal CAN"]
[Date "2015.07.22"]
[Round "6.21"]
[White "Kassis, Antoine"]
[Black "Brodie, Hugh"]
[Result "1-0"]
[WhiteElo "2178"]
[BlackElo "1929"]
[PlyCount "57"]
[EventDate "2015.07.17"]
[EventType "swiss"]
[EventRounds "9"]
[EventCountry "CAN"]

1. e4 c5 2. Nf3 Nc6 3. d4 cxd4 4. Nxd4 g6 5. c4 Bg7 6. Be3 Nf6 7. Nc3 Ng4 8.
Qxg4 Nxd4 9. Qd1 e5 10. Nb5 O-O 11. Qd2 a6 12. Nxd4 exd4 13. Bxd4 Qh4 14. O-O-O
Qxe4 15. Bxg7 Kxg7 16. h4 h5 17. f3 Qc6 18. Qd4+ Kh6 19. Qf4+ Kg7 20. Rd6 Qa4
21. Qf6+ Kg8 22. Bd3 Qxa2 23. Bxg6 Qxc4+ 24. Bc2 Re8 25. Qg5+ Kf8 26. Qh6+ Kg8
27. Kb1 Qb4 28. Bh7+ Kh8 29. Bg6+ 1-0

[Event "Quebec op 3e RIDEF"]
[Site "Montreal CAN"]
[Date "2015.07.23"]
[Round "7.40"]
[White "Brodie, Hugh"]
[Black "Parenteau, Francois"]
[Result "1/2-1/2"]
[WhiteElo "1929"]
[BlackElo "1635"]
[PlyCount "77"]
[EventDate "2015.07.17"]
[EventType "swiss"]
[EventRounds "9"]
[EventCountry "CAN"]

1. f4 d5 2. e3 g6 3. Nf3 Bg7 4. d4 Nh6 5. c4 dxc4 6. Bxc4 c5 7. O-O cxd4 8.
exd4 O-O 9. Ne5 Nc6 10. Nxc6 bxc6 11. d5 cxd5 12. Bxd5 Bg4 13. Bf3 Bxf3 14.
Qxf3 Qb6+ 15. Kh1 Bxb2 16. Bxb2 Qxb2 17. Qc3 Rab8 18. Qxb2 Rxb2 19. Nc3 Rd8 20.
Ne4 Ng4 21. h3 Ne3 22. Rf2 Rxf2 23. Nxf2 Rd2 24. Kg1 Kg7 25. a4 f5 26. a5 Kf6
27. a6 e5 28. fxe5+ Kxe5 29. g3 g5 30. Ra5+ Rd5 31. Ra4 h5 32. Kh2 Nf1+ 33. Kg2
Nd2 34. Nd1 Ne4 35. Ne3 Rd2+ 36. Kg1 Re2 37. Ra5+ Ke6 38. Nxf5 Kf6 39. g4
1/2-1/2

[Event "Quebec op 3e RIDEF"]
[Site "Montreal CAN"]
[Date "2015.07.24"]
[Round "8.39"]
[White "Saine, Zachary"]
[Black "Brodie, Hugh"]
[Result "0-1"]
[WhiteElo "1735"]
[BlackElo "1929"]
[PlyCount "88"]
[EventDate "2015.07.17"]
[EventType "swiss"]
[EventRounds "9"]
[EventCountry "CAN"]

1. e4 c5 2. Nf3 Nc6 3. d4 cxd4 4. Nxd4 g6 5. Nc3 Bg7 6. Be3 Nf6 7. Bc4 Qa5 8.
f3 Qb4 9. Bb3 Nxe4 10. Nxc6 Bxc3+ 11. bxc3 Qxc3+ 12. Ke2 dxc6 13. Bd4 e5 14.
Bxc3 Nxc3+ 15. Kf2 Nxd1+ 16. Raxd1 Be6 17. Bxe6 fxe6 18. Rhe1 Rd8 19. Rxd8+
Kxd8 20. Rxe5 Ke7 21. Re3 Rd8 22. Ke2 Rd5 23. Re4 Kd6 24. Rf4 Rf5 25. Rd4+ Kc7
26. Re4 Ra5 27. a4 Kd6 28. Rd4+ Ke7 29. Rc4 e5 30. Kd2 Kd6 31. Kc3 Rc5 32. Kb3
Rxc4 33. Kxc4 b6 34. c3 g5 35. g3 h5 36. Kd3 Kd5 37. c4+ Ke6 38. Ke3 Kf5 39. h3
a6 40. Kd3 b5 41. cxb5 cxb5 42. axb5 axb5 43. Ke3 b4 44. g4+ hxg4 0-1

[Event "Quebec op 3e RIDEF"]
[Site "Montreal CAN"]
[Date "2015.07.25"]
[Round "9.21"]
[White "Brodie, Hugh"]
[Black "Larochelle, Martial"]
[Result "0-1"]
[WhiteElo "1929"]
[BlackElo "2107"]
[PlyCount "142"]
[EventDate "2015.07.17"]
[EventType "swiss"]
[EventRounds "9"]
[EventCountry "CAN"]

1. f4 d5 2. e3 Nf6 3. Nf3 Bg4 4. b3 Nbd7 5. Bb2 c6 6. Be2 Bxf3 7. Bxf3 Qc7 8.
d3 e5 9. fxe5 Nxe5 10. Nd2 Bd6 11. Qe2 O-O-O 12. O-O-O Rhe8 13. e4 Nxf3 14.
gxf3 Nh5 15. Qf2 Kb8 16. Kb1 Be5 17. Bxe5 Qxe5 18. d4 Qf4 19. e5 f6 20. exf6
Nxf6 21. Qg3 Nh5 22. Qxf4+ Nxf4 23. Kb2 Ne2 24. Nb1 Re3 25. Rd2 Nf4 26. Rg1 g6
27. Rf1 Rf8 28. Nc3 Kc7 29. Nd1 Re7 30. Nf2 Ref7 31. Ng4 Ne6 32. Ne5 Rf4 33. c3
Kd6 34. Rdf2 Ng5 35. Kc2 Ne4 36. Re2 c5 37. Rg1 cxd4 38. cxd4 Nf6 39. Rd2 Nd7
40. Nxd7 Kxd7 41. Rg5 Kd6 42. Re5 Rxd4 43. Rde2 Rf7 44. Re6+ Kc5 45. R2e3 Rh4
46. Rc3+ Kb4 47. Re2 Rhf4 48. Rd3 Rxf3 49. Rxd5 Rf2 50. Rde5 Rxe2+ 51. Rxe2 Kc5
52. Rd2 Kc6 53. Kc3 Rf3+ 54. Kd4 Rh3 55. Kc4 a5 56. Rf2 Rh4+ 57. Kd3 Kd5 58.
Re2 Rd4+ 59. Kc3 Re4 60. Rd2+ Ke6 61. Rd8 Rh4 62. Rb8 Rxh2 63. Rxb7 g5 64. Rb5
g4 65. Rxa5 Kf6 66. Kd3 g3 67. Ke3 Rf2 68. b4 Kg6 69. Ra8 Kf7 70. Ra5 h6 71.
Rh5 Rf1 0-1

[Event "Mercredi 2014.10.15 ABCDE"]
[Site "Montreal CAN"]
[Date "2014.10.15"]
[Round "1"]
[White "Brodie, Hugh"]
[Black "Langlois-Remillard, Alexis"]
[Result "0-1"]
[WhiteElo "1882"]
[BlackElo "1828"]
[PlyCount "68"]
[EventDate "2014.10.15"]
[EventType "tourn"]
[EventRounds "5"]
[EventCountry "CAN"]

1. e4 Nc6 2. Nc3 Nf6 3. d4 d6 4. f3 e5 5. Bb5 exd4 6. Qxd4 Bd7 7. Bxc6 bxc6 8.
Nge2 c5 9. Qf2 g6 10. Bg5 h6 11. Qh4 Bg7 12. Be3 Qe7 13. Qf2 Rb8 14. Rb1 O-O
15. O-O Rfe8 16. Rfe1 Rb7 17. Nd1 Nh7 18. Nf4 c6 19. Qd2 Nf8 20. c4 Kh7 21. Nc3
Reb8 22. b3 Ne6 23. Nxe6 Bxe6 24. Rbd1 Rd8 25. Na4 Rbd7 26. Qf2 Qf8 27. Rd3 f5
28. exf5 Bxf5 29. Rdd1 Re8 30. Kh1 Rde7 31. Bc1 Bd4 32. Qg3 Bc2 33. Rxe7+ Qxe7
34. Rf1 Qe2 0-1

[Event "Mercredi 2014.10.15 ABCDE"]
[Site "Montreal CAN"]
[Date "2014.10.22"]
[Round "2"]
[White "Lalonde, Paul"]
[Black "Brodie, Hugh"]
[Result "1/2-1/2"]
[WhiteElo "1819"]
[BlackElo "1882"]
[PlyCount "160"]
[EventDate "2014.10.15"]
[EventType "tourn"]
[EventRounds "5"]
[EventCountry "CAN"]

1. e4 c5 2. Nf3 Nc6 3. Bc4 g6 4. O-O Bg7 5. Re1 d6 6. c3 Nf6 7. d4 O-O 8. Nbd2
cxd4 9. cxd4 d5 10. exd5 Nxd5 11. Nb3 Bg4 12. Bg5 h6 13. Bh4 Re8 14. h3 Bxf3
15. Qxf3 Nf6 16. d5 Na5 17. Nxa5 Qxa5 18. d6 Qb4 19. d7 Rf8 20. Qb3 Qxb3 21.
Bxb3 Nxd7 22. Rad1 Nc5 23. Bxe7 Rfc8 24. Bxc5 Rxc5 25. Re7 Rf5 26. Rdd7 Rf8 27.
g4 Rf4 28. Kg2 Bxb2 29. Kg3 Rf6 30. Rxb7 Ba3 31. Red7 Bc5 32. f4 Be3 33. Rb4 g5
34. f5 Bb6 35. Re4 Rd6 36. Ree7 Rxd7 37. Rxd7 Kg7 38. Kf3 Kf6 39. Rd6+ Kg7 40.
f6+ Kg6 41. Rd7 Bc5 42. Kg3 Bb6 43. h4 Be3 44. hxg5 Bxg5 45. Rxa7 Bxf6 46. Kf4
Kg7 47. Kf5 Bd4 48. Rd7 Bb6 49. a4 Ba5 50. Rb7 Bc3 51. Bc4 Bd2 52. Ke5 Re8+ 53.
Kd5 Rc8 54. Kd4 Rd8+ 55. Kc5 Be3+ 56. Kb5 Kg6 57. Bxf7+ Kg5 58. Bh5 Rd5+ 59.
Kc6 Rc5+ 60. Kd6 Rc4 61. a5 Ra4 62. Rb5+ Kf6 63. Kc6 Bd2 64. Kb6 Be3+ 65. Kb7
Ke6 66. a6 Bf2 67. Rf5 Bg1 68. Rf1 Be3 69. Rf7 Kd5 70. Rf6 Rb4+ 71. Kc8 Rc4+
72. Kd7 Ra4 73. Bf7+ Kc5 74. Kc7 Rxg4 75. Be8 Re4 76. Bc6 Bf4+ 77. Kb7 Re7+ 78.
Kc8 Rc7+ 79. Kd8 Ra7 80. Rxf4 Rxa6 1/2-1/2

[Event "Mercredi 2014.10.15 ABCDE"]
[Site "Montreal CAN"]
[Date "2014.10.29"]
[Round "3"]
[White "Brodie, Hugh"]
[Black "Heredia, Jose"]
[Result "0-1"]
[WhiteElo "1882"]
[BlackElo "1897"]
[PlyCount "102"]
[EventDate "2014.10.15"]
[EventType "tourn"]
[EventRounds "5"]
[EventCountry "CAN"]

1. f4 c5 2. e4 d5 3. exd5 Nf6 4. Nf3 Nxd5 5. d4 Nc6 6. c3 e6 7. Bb5 Bd7 8. O-O
cxd4 9. Bxc6 Bxc6 10. cxd4 Be7 11. Nc3 O-O 12. Kh1 b6 13. Ne5 Bb7 14. Qg4 Nf6
15. Qd1 g6 16. Be3 Re8 17. Rc1 a6 18. Qe2 b5 19. Rfd1 Rc8 20. Nb1 Rxc1 21. Rxc1
Qb8 22. Nd2 Bd5 23. b3 Rc8 24. Ndf3 h6 25. f5 g5 26. fxe6 Bxe6 27. Nc6 Qb7 28.
Nxe7+ Qxe7 29. Rxc8+ Bxc8 30. Ne5 Nd5 31. Qc2 Bb7 32. Bc1 Kg7 33. h3 Qe6 34.
Qf2 Nc3 35. Kh2 Ne4 36. Qf3 f6 37. Ng4 Qd6+ 38. Kg1 Qxd4+ 39. Be3 Qd5 40. h4 h5
41. hxg5 hxg4 42. gxf6+ Nxf6 43. Qf2 Kg6 44. Qc2+ Qe4 45. Qf2 Qb1+ 46. Kh2 Ne4
47. Qf8 g3+ 48. Kh3 Qh1+ 49. Kg4 Qh5+ 50. Kf4 Qg5+ 51. Kf3 Nc3# 0-1

[Event "Mercredi 2014.10.15 ABCDE"]
[Site "Montreal CAN"]
[Date "2014.11.05"]
[Round "4"]
[White "Dumouchel, Alain"]
[Black "Brodie, Hugh"]
[Result "1-0"]
[WhiteElo "1896"]
[BlackElo "1882"]
[PlyCount "61"]
[EventDate "2014.10.15"]
[EventType "tourn"]
[EventRounds "5"]
[EventCountry "CAN"]

1. e4 c5 2. Nf3 Nf6 3. Nc3 e6 4. d4 cxd4 5. Nxd4 a6 6. Be2 Bb4 7. O-O Qc7 8.
Qd3 Nc6 9. Bd2 O-O 10. Nxc6 dxc6 11. Rad1 e5 12. Qg3 Kh8 13. Bg5 Be7 14. f4
exf4 15. Bxf4 Qb6+ 16. Kh1 Be6 17. b3 Rac8 18. Be5 Ne8 19. Bd4 c5 20. Be5 f6
21. Bf4 c4 22. Nd5 Bxd5 23. exd5 Nd6 24. bxc4 Nxc4 25. d6 Bxd6 26. Rb1 Nb2 27.
c4 Qd4 28. Rfe1 Qc5 29. Rec1 Qa3 30. Rc2 Na4 31. Rb3 1-0

[Event "Mercredi 2014.10.15 ABCDE"]
[Site "Montreal CAN"]
[Date "2014.11.12"]
[Round "5"]
[White "Brodie, Hugh"]
[Black "Baran, Marius"]
[Result "1/2-1/2"]
[WhiteElo "1882"]
[BlackElo "1817"]
[PlyCount "104"]
[EventDate "2014.10.15"]
[EventType "tourn"]
[EventRounds "5"]
[EventCountry "CAN"]

1. Nf3 c5 2. b3 Nf6 3. Bb2 Nc6 4. e3 d5 5. Bb5 Bd7 6. O-O e6 7. Bxc6 Bxc6 8.
Ne5 Rc8 9. d3 Be7 10. c4 O-O 11. Nc3 Qc7 12. Ne2 Rfd8 13. Qc2 dxc4 14. bxc4 Nd7
15. Nxc6 Qxc6 16. Rad1 Bf6 17. Rd2 Bxb2 18. Qxb2 Nf6 19. Rfd1 Qc7 20. Ng3 h5
21. Qa3 h4 22. Nf1 b6 23. h3 e5 24. e4 Rd6 25. Ne3 g6 26. Nd5 Nxd5 27. cxd5 f5
28. Rc2 Qd7 29. Qc1 f4 30. d4 exd4 31. Rxd4 Kf8 32. Rd3 Qe7 33. f3 Qe5 34. Qb2
Re8 35. Ra3 Rd7 36. Kf2 Kf7 37. Qxe5 Rxe5 38. Rb3 Re8 39. a4 Rc8 40. Rc4 Kf6
41. a5 Rb7 42. a6 Rbb8 43. Rb5 Ke5 44. Ke2 Kd6 45. Kd3 Re8 46. Ke2 Rbc8 47. Kf2
Re5 48. Kf1 Rd8 49. Kf2 Kc7 50. Kf1 Kd6 51. Kf2 Kc7 52. Kf1 Kd6 1/2-1/2

[Event "Mercredi 2013.11.13 ABCD"]
[Site "Montreal CAN"]
[Date "2013.11.13"]
[Round "1"]
[White "Dumouchel, Alain"]
[Black "Brodie, Hugh"]
[Result "1-0"]
[WhiteElo "1893"]
[BlackElo "1879"]
[PlyCount "55"]
[EventDate "2013.11.13"]
[EventType "tourn"]
[EventRounds "5"]
[EventCountry "CAN"]

1. e4 c5 2. Nf3 Nc6 3. d4 cxd4 4. Nxd4 g6 5. Nc3 Bg7 6. Nde2 Nf6 7. g3 O-O 8.
Bg2 d6 9. O-O Bd7 10. Nd5 Nxd5 11. exd5 Ne5 12. Nd4 h6 13. b3 Qc8 14. Bb2 Bh3
15. Re1 Bxg2 16. Kxg2 Qc5 17. c4 Rfe8 18. Re4 a6 19. Qe2 Bf6 20. f4 Nd7 21. a4
Rac8 22. Re1 Qc7 23. f5 Ne5 24. fxg6 fxg6 25. Ne6 Qb8 26. Bxe5 Bxe5 27. Rg4 Kh7
28. Rxg6 1-0

[Event "Mercredi 2013.11.13 ABCD"]
[Site "Montreal CAN"]
[Date "2013.11.20"]
[Round "2"]
[White "Destree, Frederic"]
[Black "Brodie, Hugh"]
[Result "1/2-1/2"]
[WhiteElo "1864"]
[BlackElo "1879"]
[PlyCount "80"]
[EventDate "2013.11.13"]
[EventType "tourn"]
[EventRounds "5"]
[EventCountry "CAN"]

1. Nf3 c5 2. g3 b6 3. Bg2 Bb7 4. O-O Nf6 5. c4 g6 6. Nc3 Bg7 7. b3 O-O 8. Bb2
d6 9. e3 Nc6 10. d3 Qd7 11. Qe2 Rad8 12. Rad1 Rfe8 13. Rd2 e5 14. Rfd1 Qe7 15.
Ne1 Na5 16. Nf3 d5 17. Qf1 d4 18. exd4 exd4 19. Nb1 Nc6 20. Re1 Qc7 21. Rde2
Bh6 22. Nbd2 Rxe2 23. Rxe2 Re8 24. Rxe8+ Nxe8 25. Bc1 Qe7 26. Qe1 Qxe1+ 27.
Nxe1 Na5 28. f4 Bxg2 29. Kxg2 Nd6 30. Ne4 Nxe4 31. dxe4 Nc6 32. Nd3 Bf8 33. Kf3
f6 34. Bd2 Kf7 35. g4 Bd6 36. h4 h5 37. gxh5 gxh5 38. Be1 Ke6 39. Bg3 f5 40. e5
Bf8 1/2-1/2

[Event "Mercredi 2013.11.13 ABCD"]
[Site "Montreal CAN"]
[Date "2013.11.27"]
[Round "3"]
[White "Brodie, Hugh"]
[Black "Gauthier, Luc"]
[Result "1/2-1/2"]
[WhiteElo "1879"]
[BlackElo "1871"]
[PlyCount "86"]
[EventDate "2013.11.13"]
[EventType "tourn"]
[EventRounds "5"]
[EventCountry "CAN"]

1. e4 Nf6 2. Nc3 d5 3. e5 d4 4. exf6 dxc3 5. fxg7 cxd2+ 6. Bxd2 Bxg7 7. Qh5 Qd4
8. c3 Qe5+ 9. Qxe5 Bxe5 10. Nf3 Bf6 11. Bg5 Bxg5 12. Nxg5 Bf5 13. O-O-O h6 14.
Nf3 Bg4 15. Be2 Nd7 16. h3 Bxf3 17. Bxf3 O-O-O 18. Rhe1 e6 19. Bh5 Rhf8 20. Kc2
Nf6 21. Rxd8+ Kxd8 22. Bf3 c6 23. Rd1+ Ke7 24. Rd4 Nd5 25. Rh4 Rh8 26. Bxd5
cxd5 27. c4 Rc8 28. b3 dxc4 29. bxc4 Kf6 30. Kd3 Kg5 31. Rd4 Rc7 32. g3 h5 33.
Ke4 Rc5 34. Rd7 Rxc4+ 35. Kd3 Ra4 36. Rxb7 Rxa2 37. Rxf7 Kg6 38. Rf8 Kg7 39.
Rf4 e5 40. Rf5 Kg6 41. Rf8 Kg7 42. Rf5 Kg6 43. Rf8 Kg7 1/2-1/2

[Event "Mercredi 2013.11.13 ABCD"]
[Site "Montreal CAN"]
[Date "2013.12.04"]
[Round "4"]
[White "Nardone, Raul"]
[Black "Brodie, Hugh"]
[Result "0-1"]
[WhiteElo "1946"]
[BlackElo "1879"]
[PlyCount "40"]
[EventDate "2013.11.13"]
[EventType "tourn"]
[EventRounds "5"]
[EventCountry "CAN"]

1. d4 e6 2. c4 f5 3. Nf3 Nf6 4. g3 b6 5. Bg2 Bb7 6. O-O Be7 7. b3 O-O 8. Bb2 c5
9. d5 exd5 10. cxd5 Ne4 11. Nfd2 Bf6 12. Bxf6 Qxf6 13. Nxe4 Qxa1 14. Nec3 Qb2
15. Qd3 Na6 16. Bh3 Nb4 17. Qb5 Rf7 18. Qc4 Ba6 19. Qh4 Nxa2 20. Nxa2 Qxa2 0-1

[Event "Mercredi 2013.11.13 ABCD"]
[Site "Montreal CAN"]
[Date "2013.12.11"]
[Round "5"]
[White "Brodie, Hugh"]
[Black "Rondon, Luciano"]
[Result "1/2-1/2"]
[WhiteElo "1879"]
[BlackElo "1895"]
[PlyCount "95"]
[EventDate "2013.11.13"]
[EventType "tourn"]
[EventRounds "5"]
[EventCountry "CAN"]

1. e4 c5 2. Nf3 e6 3. d4 cxd4 4. Nxd4 Nc6 5. Nc3 d6 6. Be2 Nf6 7. Be3 d5 8.
exd5 Nxd5 9. Nxd5 Qxd5 10. Bf3 Qa5+ 11. c3 Bd7 12. Nxc6 Bxc6 13. Bxc6+ bxc6 14.
O-O Be7 15. Qc2 O-O 16. b3 Bf6 17. Rac1 Rfd8 18. c4 Rd7 19. Rfd1 Rad8 20. Rxd7
Rxd7 21. Kf1 c5 22. Ke2 Bd4 23. Rd1 e5 24. Qf5 Rd8 25. Rd2 h6 26. Qg4 Bxe3 27.
Rxd8+ Qxd8 28. fxe3 Qa5 29. Qc8+ Kh7 30. Qf5+ Kg8 31. Qxe5 Qxa2+ 32. Kf3 Qxb3
33. Qxc5 a5 34. Qc8+ Kh7 35. c5 Qd5+ 36. Kf2 a4 37. c6 Qd2+ 38. Kf3 Qd5+ 39.
Kg3 Qe5+ 40. Kf2 a3 41. Qa6 Qb2+ 42. Kf3 a2 43. c7 a1=Q 44. Qxa1 Qxa1 45. c8=Q
Qf1+ 46. Kg3 Qe1+ 47. Kf3 Qd1+ 48. Kf2 1/2-1/2

[Event "Quebec op U2000"]
[Site "Montreal CAN"]
[Date "2013.07.21"]
[Round "1"]
[White "Villeneuve, Benoit"]
[Black "Brodie, Hugh"]
[Result "0-1"]
[WhiteElo "1758"]
[BlackElo "1913"]
[PlyCount "80"]
[EventDate "2013.07.21"]
[EventType "swiss"]
[EventRounds "9"]
[EventCountry "CAN"]

1. e4 c5 2. Nf3 Nc6 3. d4 cxd4 4. Nxd4 g6 5. Nc3 Bg7 6. Be3 Nf6 7. Be2 O-O 8.
O-O d5 9. Nxc6 bxc6 10. exd5 cxd5 11. Bf3 e6 12. Re1 Qa5 13. Bd4 Ba6 14. a3 Qc7
15. Be5 Qb6 16. Na4 Qa5 17. Qd4 Ne8 18. Bxg7 Nxg7 19. Nc3 Qc7 20. Rac1 Rad8 21.
Qf6 Ne8 22. Qh4 Kg7 23. Red1 f6 24. Qa4 Qb6 25. b3 Rf7 26. Rd4 Rc8 27. Na2 Bb5
28. Qb4 a5 29. Qd2 Rfc7 30. c3 Nd6 31. Re1 Nf5 32. Rf4 g5 33. Rxf5 exf5 34.
Qxd5 Qc5 35. Qxc5 Rxc5 36. c4 Bc6 37. Bxc6 R8xc6 38. Nc3 Re5 39. Rd1 Rb6 40.
Rb1 Rxb3 0-1

[Event "Quebec op U2000"]
[Site "Montreal CAN"]
[Date "2013.07.21"]
[Round "2"]
[White "Brodie, Hugh"]
[Black "Bluteau, Yvon"]
[Result "1/2-1/2"]
[WhiteElo "1913"]
[BlackElo "1807"]
[PlyCount "123"]
[EventDate "2013.07.21"]
[EventType "swiss"]
[EventRounds "9"]
[EventCountry "CAN"]

1. e4 b6 2. d4 Bb7 3. Bd3 e6 4. Qe2 c5 5. Nf3 cxd4 6. Nxd4 Nc6 7. Nxc6 Bxc6 8.
O-O Bc5 9. Nd2 Ne7 10. Nf3 Ng6 11. c3 O-O 12. b4 Be7 13. b5 Bb7 14. Rd1 Qc7 15.
Bd2 Nf4 16. Qf1 Nxd3 17. Qxd3 Bf6 18. Rac1 d5 19. exd5 Bxd5 20. c4 Bxf3 21.
Qxf3 Rfd8 22. Bb4 Rac8 23. g3 Rxd1+ 24. Qxd1 Be7 25. Bxe7 Qxe7 26. Qf3 Qc5 27.
Qb7 Qc7 28. Qxc7 Rxc7 29. Kf1 Kf8 30. Ke2 Ke7 31. Kd3 Rd7+ 32. Kc3 e5 33. Rc2
f5 34. Kb4 Rd4 35. a4 e4 36. a5 g5 37. axb6 axb6 38. Ra2 f4 39. gxf4 gxf4 40.
Ra7+ Rd7 41. Rxd7+ Kxd7 42. Kc3 Kd6 43. Kd4 e3 44. fxe3 f3 45. Kd3 Kc5 46. e4
f2 47. Ke2 f1=Q+ 48. Kxf1 Kxc4 49. Ke2 Kxb5 50. Kd3 Kc5 51. Kc3 h5 52. h4 Kd6
53. Kd4 Ke6 54. e5 b5 55. Kc5 Kxe5 56. Kxb5 Kf4 57. Kc4 Kg4 58. Kd3 Kxh4 59.
Ke2 Kg3 60. Kf1 Kh2 61. Kf2 h4 62. Kf1 1/2-1/2

[Event "Quebec op U2000"]
[Site "Montreal CAN"]
[Date "2013.07.22"]
[Round "3"]
[White "Millette, Sylvain"]
[Black "Brodie, Hugh"]
[Result "1/2-1/2"]
[WhiteElo "1789"]
[BlackElo "1913"]
[PlyCount "53"]
[EventDate "2013.07.21"]
[EventType "swiss"]
[EventRounds "9"]
[EventCountry "CAN"]

1. Nf3 f5 2. e4 fxe4 3. Ng5 e3 4. dxe3 e6 5. h4 Be7 6. Bd3 Bxg5 7. Qh5+ Kf8 8.
hxg5 Qe8 9. Qxe8+ Kxe8 10. Rxh7 Rxh7 11. Bxh7 Ne7 12. Bd3 e5 13. Nc3 d6 14. Bd2
Be6 15. O-O-O Kf7 16. Rh1 Nbc6 17. f4 a6 18. f5 Bxf5 19. Rf1 Kg6 20. e4 Be6 21.
Nd5 Rc8 22. Bc4 Bg8 23. g4 b5 24. Bd3 Be6 25. a4 Bxg4 26. axb5 axb5 27. Bxb5
1/2-1/2

[Event "Quebec op U2000"]
[Site "Montreal CAN"]
[Date "2013.07.23"]
[Round "4"]
[White "Brodie, Hugh"]
[Black "Gunapalan, David"]
[Result "1-0"]
[WhiteElo "1913"]
[BlackElo "1822"]
[PlyCount "79"]
[EventDate "2013.07.21"]
[EventType "swiss"]
[EventRounds "9"]
[EventCountry "CAN"]

1. f4 d5 2. e3 c5 3. Nf3 Nc6 4. b3 Bf5 5. Bb5 e6 6. Bb2 Qb6 7. Bxc6+ bxc6 8.
O-O Ne7 9. Kh1 Rg8 10. d3 O-O-O 11. Qe1 h6 12. e4 Bh7 13. Nc3 g5 14. fxg5 Ng6
15. Na4 Qc7 16. exd5 Rxd5 17. Nc3 Rf5 18. Ne4 hxg5 19. Nf6 Bg7 20. Nxg8 Bxb2
21. Nh6 Rd5 22. Rb1 Bg7 23. Nxf7 Qxf7 24. Nxg5 Qg8 25. Nxh7 Re5 26. Qa5 Kb8 27.
Nf6 Bxf6 28. Rxf6 Nh4 29. Rf2 Rh5 30. Rbf1 Nf5 31. Kg1 Qh8 32. g3 Qg7 33. Qxc5
Kb7 34. Qb4+ Kc8 35. Qc4 Kd7 36. Qa6 Kd6 37. Qa3+ c5 38. Qa6+ Ke5 39. Re1+ Kd4
40. Qc4# 1-0

[Event "Quebec op U2000"]
[Site "Montreal CAN"]
[Date "2013.07.24"]
[Round "5"]
[White "Perna-Fraser, David"]
[Black "Brodie, Hugh"]
[Result "1/2-1/2"]
[WhiteElo "1815"]
[BlackElo "1913"]
[PlyCount "82"]
[EventDate "2013.07.21"]
[EventType "swiss"]
[EventRounds "9"]
[EventCountry "CAN"]

1. d4 e6 2. c4 f5 3. Nc3 Nf6 4. Nf3 b6 5. g3 Bb7 6. Bg2 Bb4 7. O-O O-O 8. Bg5
Bxc3 9. bxc3 Qe8 10. Bxf6 Rxf6 11. Ne5 Bxg2 12. Kxg2 d6 13. Nf3 Nd7 14. Qb3 Kh8
15. Rae1 e5 16. e4 f4 17. Qb5 Nf8 18. Qxe8 Rxe8 19. c5 Nd7 20. cxd6 cxd6 21.
dxe5 dxe5 22. Rd1 Rf7 23. Rd5 h6 24. Rfd1 Ree7 25. Nh4 Nf8 26. Rd8 Kh7 27. Nf5
Re6 28. f3 fxg3 29. hxg3 Rc6 30. R1d3 Ne6 31. R8d6 Rfc7 32. Rxc6 Rxc6 33. Rd6
Rxd6 34. Nxd6 Nd8 35. Kh3 Kg6 36. Kh4 Nc6 37. f4 Kf6 38. f5 g6 39. Ne8+ Kf7 40.
Nd6+ Kf6 41. Ne8+ Kf7 1/2-1/2

[Event "Quebec op U2000"]
[Site "Montreal CAN"]
[Date "2013.07.25"]
[Round "6"]
[White "Brodie, Hugh"]
[Black "Langlois-Remillard, Alexis"]
[Result "1/2-1/2"]
[WhiteElo "1913"]
[BlackElo "1763"]
[PlyCount "107"]
[EventDate "2013.07.21"]
[EventType "swiss"]
[EventRounds "9"]
[EventCountry "CAN"]

1. e4 Nc6 2. Nc3 Nf6 3. d4 d6 4. f3 g6 5. Be3 Bg7 6. Qd2 O-O 7. Bc4 e5 8. Nge2
exd4 9. Nxd4 Ne5 10. Be2 c5 11. Nb3 Be6 12. O-O Bc4 13. Rad1 Bxe2 14. Qxe2 Qb6
15. Nd5 Nxd5 16. Rxd5 Rfd8 17. Rfd1 Nc6 18. c3 Ne7 19. R5d2 Rac8 20. Qc4 Qc6
21. a4 Rc7 22. a5 b6 23. axb6 axb6 24. Bg5 b5 25. Qe2 f6 26. Be3 Rcd7 27. Qf2
f5 28. exf5 Nxf5 29. Bg5 Bh6 30. Bxh6 Nxh6 31. Re2 Rf8 32. Qe3 Nf5 33. Qe6+ Kh8
34. Qd5 Qxd5 35. Rxd5 Rc8 36. Kf2 h5 37. Re1 Kg7 38. Re2 Kh8 39. Re6 Kg7 40. g4
hxg4 41. fxg4 Nh6 42. Rdxd6 Nxg4+ 43. Kg3 Rxd6 44. Rxd6 Ne3 45. Rb6 Nc4 46.
Rxb5 Nxb2 47. Rxc5 Rd8 48. Nd4 Kf6 49. h4 Na4 50. Rc6+ Kf7 51. Kg4 Nxc3 52.
Rc7+ Kf6 53. Rc6+ Kf7 54. Rc7+ 1/2-1/2